Datum a čas kvízu
34
Celkem bodů
Celkový počet nahraných bodů na tomto kvízu bez doplňovacích otázek.
1.
Pořadí na kvízu
Konečné umístění týmu na tomto kvízu.
Zaznamenané odpovědi
| # | Otázka | Odpověď | Body | Výsledky |
|---|---|---|---|---|
| 1. | Který 63letý muž se ve čtvrtek... | Jiří Kajínek | 1 | |
| 2. | Vědci představili revoluční zp... | hlavy | 1 | |
| 3. | V minulém týdnu česká média in... | Jeremy Clarkson | 1 | |
| 4. | V pondělí se podíval do vesmír... | nejstarší člověk ve vesmíru | 1 | |
| 5. | „Bohužel nemám dobré zprávy. K... | Patrik Kincl | 0 | |
| 6. | Jak se nazývají dva nejdůležit... | Franská říše, Byzantská (Východořímská) říše | 1 | |
| 7. | Jak se jmenoval významný střed... | Vilém I. Dobyvatel | 0 | |
| 8. | Přemyslovci v českých zemích v... | C | 0 | |
| 9. | Vytvořte z těchto středověkých... | 1C 2A 3D 4B | 0 | |
| 10. | Závěrem tématu se podíváme na... | šlojíř, šlář | 1 |